Francisco Amighetti

Đã lưu trong:
Chi tiết về thư mục
Tác giả chính: Amighetti, Francisco
Định dạng: Texto
Được phát hành: San José: Universidad de Costa Rica
Các nhãn: Thêm thẻ
Không có thẻ, Là người đầu tiên thẻ bản ghi này!

MARC

LEADER 00000 a a2200000 04500
001 23922
003
040
090 |a 169000  
100 |a Amighetti, Francisco  
245 |a Francisco Amighetti  
260 |a San José:   |b Universidad de Costa Rica  
300 |a 167 p.  
999 |c 12221  |d 12221